| 000 | 00590nam a2200193 a 4500 | ||
|---|---|---|---|
| 005 | 20240210063554.0 | ||
| 008 | 991125s1989 ea 000 0 eng u | ||
| 020 | _a0471924067 | ||
| 035 | _aUPN01000031164 | ||
| 049 | _aCG | ||
| 050 | 4 |
_aBF698.9 S5.5 _bP4.7 |
|
| 245 | 0 | 0 |
_aPersonality and environment : _bassessment of human adaptation / _ced. P. J. Hettema. |
| 260 |
_aChichester, Eng. : _bJohn Wiley, _cc1989. |
||
| 300 | _axiii, 279 p. | ||
| 650 | 4 |
_aPERSONALIDAD Y SITUACION _920699 |
|
| 650 | 4 |
_aAdaptabilidad (PsicologĂa) _9402 |
|
| 700 | 1 |
_aHettema, P. J., _eed. |
|
| 905 | _aLibro | ||
| 999 |
_c31164 _d31164 |
||